00646nam a2200229 a 4500001001300000003000900013005001700022008004100039020000900080082001700089100002900106245002900135260003300164300000800197500003500205650001800240700002900258902000800287942000700295952009700302999001700399nice12345678IN_TiNIC20260116014309.0080414s2000 leia grd 000 0 eng  ac7500a297.09bCEN1 aCentre For Development,  aIslam Comes to Hindustan aLeicester bNo Pleace c2000 a00p aincludes index and biblioraphy aIslam-History1 aCentre For Development,  bSRS cND 00104070aHMIbHMId2010-02-03g75.00l0o297.09 CEN1p022291r2010-02-03w2026-01-16yVM c14700d14700